Statistics for Relatively Major Cities of Countries on the World Map

Click here to take the quiz!

General Stats

  • This quiz has been taken 138 times
    (99 since last reset)
  • The average score is 223 of 317

Answer Stats

Country City % Correct
United StatesLos Angeles
97%
BrazilRio de Janeiro
96%
United KingdomLondon
96%
CanadaVancouver
96%
MexicoMexico City
96%
United StatesMiami
96%
United StatesNew York
96%
CanadaToronto
96%
United StatesChicago
95%
AustraliaSydney
95%
United StatesBoston
95%
EgyptCairo
95%
FranceParis
95%
United StatesSan Francisco
95%
IndiaDelhi
95%
IrelandDublin
95%
RussiaMoscow
95%
SpainMadrid
95%
ChinaBeijing
95%
PortugalLisbon
95%
United StatesWashington
95%
AlgeriaAlgiers
95%
South AfricaCape Town
93%
RussiaSaint Petersburg
93%
IranTehran
93%
CubaHavana
93%
CanadaMontréal
93%
GermanyBerlin
93%
GreeceAthens
92%
MoroccoCasablanca
92%
United StatesDallas
92%
IndiaMumbai
92%
PolandWarsaw
92%
United StatesHouston
92%
AustraliaMelbourne
92%
South AfricaJohannesburg
92%
United KingdomManchester
92%
PeruLima
92%
BrazilSão Paulo
92%
United StatesDetroit
92%
SpainBarcelona
92%
JapanTokyo
92%
AustraliaPerth
90%
BelgiumBrussels
90%
EgyptAlexandria
90%
ItalyRome
90%
New ZealandWellington
90%
TunisiaTunis
90%
North KoreaPyongyang
90%
IndonesiaJakarta
90%
PhilippinesManila
90%
TurkeyIstanbul
90%
NigeriaLagos
90%
SwedenStockholm
90%
EthiopiaAddis Ababa
89%
ChileSantiago
89%
Democratic Republic of the CongoKinshasa
89%
NorwayOslo
89%
BulgariaSofia
89%
KenyaNairobi
89%
GuatemalaGuatemala City
89%
NepalKathmandu
89%
FinlandHelsinki
89%
PortugalPorto
89%
UkraineKiev
89%
TurkeyAnkara
89%
ChinaShanghai
89%
New ZealandAuckland
89%
South KoreaSeoul
89%
ArgentinaBuenos Aires
89%
IraqBaghdad
89%
VietnamHo Chi Minh City
88%
ItalyMilan
88%
ItalyNaples
88%
AfghanistanKabul
88%
JapanOsaka
88%
MadagascarAntananarivo
88%
BoliviaLa Paz
88%
United StatesPhiladelphia
88%
LibyaTripoli
88%
TaiwanTaipei
88%
VenezuelaCaracas
88%
LithuaniaVilnius
88%
DenmarkCopenhagen
88%
SyriaDamascus
88%
ColombiaBogotá
88%
SenegalDakar
88%
Costa RicaSan José
86%
AustraliaAdelaide
86%
HungaryBudapest
86%
AzerbaijanBaku
86%
NetherlandsAmsterdam
86%
RomaniaBucharest
86%
VietnamHanoi
86%
MongoliaUlaanbaatar
86%
ThailandBangkok
86%
UruguayMontevideo
86%
GeorgiaTbilisi
86%
EcuadorQuito
86%
Saudi ArabiaRiyadh
86%
SomaliaMogadishu
86%
LatviaRiga
86%
PanamaPanama City
86%
GhanaAccra
86%
United Arab EmiratesDubai
86%
SudanKhartoum
86%
IndiaKolkata
86%
United StatesAtlanta
86%
SpainSeville
86%
AngolaLuanda
85%
United Arab EmiratesAbu Dhabi
85%
AustraliaBrisbane
85%
SingaporeSingapore
85%
JamaicaKingston
85%
BelarusMinsk
85%
AustriaVienna
85%
YemenSana'a
85%
BangladeshDhaka
85%
HaitiPort-au-Prince
85%
QatarDoha
85%
El SalvadorSan Salvador
85%
ParaguayAsunción
85%
MoroccoRabat
85%
BahamasNassau
85%
OmanMuscat
85%
KuwaitKuwait City
84%
SerbiaBelgrade
84%
United KingdomBirmingham
84%
Czech RepublicPrague
84%
Papua New GuineaPort Moresby
84%
IsraelTel Aviv-Jaffa
84%
PakistanKarachi
84%
NicaraguaManagua
84%
ChinaGuangzhou
84%
GermanyHamburg
84%
CroatiaZagreb
84%
EstoniaTallinn
84%
Dominican RepublicSanto Domingo
84%
UzbekistanTashkent
84%
AlbaniaTirana
84%
GermanyMunich
82%
MalaysiaKuala Lumpur
82%
SurinameParamaribo
82%
Bosnia and HerzegovinaSarajevo
82%
ArmeniaYerevan
82%
SpainValencia
82%
SwitzerlandZurich
82%
DjiboutiDjibouti
82%
ZimbabweHarare
82%
KyrgyzstanBishkek
82%
Sri LankaColombo
82%
LebanonBeirut
82%
IsraelJerusalem
82%
NetherlandsRotterdam
81%
GermanyThe Ruhr
81%
TanzaniaDar es Salaam
81%
SlovakiaBratislava
81%
CambodiaPhnom Penh
81%
UgandaKampala
81%
JordanAmman
81%
GuyanaGeorgetown
81%
MalaysiaGeorge Town
81%
NamibiaWindhoek
81%
ChadN'Djamena
81%
CameroonYaoundé
81%
GermanyFrankfurt
79%
KosovoPristina
79%
MexicoGuadalajara
79%
Sierra LeoneFreetown
79%
ColombiaMedellín
79%
Saudi ArabiaMecca
79%
CanadaCalgary
79%
South SudanJuba
79%
LiberiaMonrovia
79%
IndiaChennai
79%
TurkmenistanAshgabat
79%
MacedoniaSkopje
79%
SloveniaLjubljana
79%
KazakhstanAlmaty
78%
NigerNiamey
78%
MaliBamako
78%
HondurasTegucigalpa
78%
ZambiaLusaka
78%
MontenegroPodgorica
77%
IndiaBangalore
77%
TurkeyIzmir
77%
BahrainManama
77%
PakistanLahore
77%
RwandaKigali
77%
MoldovaChisinau
77%
MexicoMonterrey
77%
Burkina FasoOuagadougou
75%
GabonLibreville
75%
South AfricaDurban
75%
EritreaAsmara
75%
MauritaniaNouakchott
75%
ItalyTurin
75%
IndiaHyderabad
75%
Saudi ArabiaJeddah
75%
Central African RepublicBangui
75%
GuineaConakry
75%
BrazilBelo Horizonte
75%
GermanyCologne
75%
Guinea-BissauBissau
75%
TajikistanDushanbe
74%
BotswanaGaborone
74%
MyanmarYangon
74%
East TimorDili
74%
PolandKrakow
74%
MalawiLilongwe
74%
CyprusNicosia
73%
MozambiqueMaputo
73%
SyriaAleppo
73%
TogoLomé
73%
MaldivesMale
73%
Côte d'IvoireAbidjan
73%
ColombiaCali
71%
IndiaAhmedabad
71%
New ZealandChristchurch
71%
ChinaChengdu
71%
MoroccoFez
70%
SwedenGothenburg
70%
ChinaTianjin
67%
EcuadorGuayaquil
67%
BurundiBujumbura
67%
JapanNagoya
67%
UkraineOdessa
67%
KenyaMombasa
67%
GermanyStuttgart
66%
LaosVientiane
64%
MauritiusPort Louis
64%
LibyaBenghazi
64%
NigeriaKano
63%
BangladeshChittagong
62%
IndiaPune
62%
Equatorial GuineaMalabo
60%
LesothoMaseru
59%
UkraineDonetsk
59%
MoroccoMarrakesh
59%
Cape VerdePraia
59%
GermanyHanover
58%
PolandKatowice
58%
GermanyNuremberg
56%
MoroccoTangier
55%
CroatiaSplit
55%
CameroonDouala
55%
UkraineLviv
55%
PolandLodz
55%
IcelandReykjavik
53%
Czech RepublicBrno
53%
ColombiaBarranquilla
53%
UkraineKharkiv
52%
IsraelGaza
52%
ChinaXiamen
52%
MyanmarMandalay
51%
BoliviaSanta Cruz
51%
IndonesiaBandung
49%
AlgeriaOran
49%
IraqMosul
49%
BeninCotonou
49%
IranIsfahan
48%
VenezuelaMaracaibo
48%
PolandWroclaw
47%
IranMashhad
45%
YemenAden
45%
IraqBasra
45%
IndiaSurat
41%
BulgariaVarna
40%
GermanyMannheim
40%
UkraineDnipropetrovsk
37%
PolandPoznan
37%
Saudi ArabiaDammam
34%
BulgariaPlovdiv
34%
LithuaniaKaunas
34%
TaiwanKaohsiung
32%
CubaSantiago de Cuba
32%
SyriaHoms
27%
GhanaKumasi
27%
MoroccoAgadir
26%
TunisiaSousse
25%
SlovakiaKosice
25%
CyprusLimassol
23%
BoliviaCochabamba
22%
Republic of the CongoPointe-Noire
22%
MozambiqueBeira
22%
Czech RepublicOstrava
21%
HondurasSan Pedro Sula
21%
EstoniaTartu
21%
MalawiBlantyre
19%
Bosnia and HerzegovinaBanja Luka
19%
BelarusGomel
19%
TaiwanTaichung
18%
MoldovaTiraspol
18%
ZimbabweBulawayo
15%
VenezuelaBarquisimeto
14%
LithuaniaKlaipeda
14%
Equatorial GuineaBata
12%
SomaliaHargeisa
11%
Bosnia and HerzegovinaTuzla
10%
KosovoPrizren
10%
Bosnia and HerzegovinaZenica
10%
LithuaniaSiauliai
7%
SwazilandManzini
7%
UkraineZaporizhzhya
7%
Dominican RepublicSantiago de los Caballeros
7%
South SudanWau
7%
KazakhstanKaragandy
5%
VenezuelaCiudad Guayana
4%
South SudanMalakal
4%
YemenTa`izz
4%
YemenAl Hudaydah
3%
KazakhstanShymkent
3%
LithuaniaPanevezys
3%
TajikistanKhujand
3%
LibyaMisratah
1%
MalaysiaKota Bharu
0%

Score Distribution

Percentile by Number Answered

Percent of People with Each Score

Your Score History

You have not taken this quiz since the last reset